000 01917cam a22005054i 4500
003 PE-LiUPU
005 20250731173536.0
008 150616s r 000 0 d
020 _a0801020190
035 _a(Sirsi) i9780801020193
040 _aPE-LiUPU
_bspa
_cPE-LiUPU
_erda
049 _aPRUA
082 0 4 _b
_221
100 1 _aStein, Robert H.,
_d1935,
_eautor.
245 1 4 _aThe synoptic problem /
_cRobert H. Stein.
264 1 _aGrand Rapids, Michigan :
_bBaker Books,
_c1994.
300 _a292 páginas ;
_c23 centímetros
336 _atext
_2rdacontent
337 _aunmediated
_2rdamedia
338 _avolume
_2rdacarrier
500 _aOtra ed.: 1988.
505 0 _aThe literary relations of the synoptic gospels.- The preliterary history of the gospel traditions.- The inscripturacion of the gospel traditions.
526 _aSEG42
526 _aSEG41
526 _aSEG40
526 _aSEG39
526 _aP94
526 _aP87
526 _aP86
526 _aP85
526 _aP77
526 _aP76
526 _aP35
650 0 4 _aProblema sinóptico.
910 _ajck
_bjvq
_cjck
942 _2ddc
_cBOOK
949 _a226.01 S79
_wDEWEY
_c1
_i42424
_lCCODEBUL1
_mBUL
_r0
_sY
_tBOOK
_u2015-4-23
_xTEOLOGIA
_zUNKNOWN
_0COMPRA
_o.STAFF. Colección General
949 _a226.01 S79
_wDEWEY
_c2
_i50756
_lCCODEBUL1
_mBUL
_r0
_sY
_tBOOK
_u2015-6-16
_xTEOLOGIA
_zUNKNOWN
_0COMPRA
_o.STAFF. Colección General
994 _aC0
_bPEPRU
596 _a1
999 _a226.01 S79
_wDEWEY
_c60262
_i42424
_f2021-11-9
_g5
_lCCODEBUL1
_mBUL
_r0
_sY
_tBOOK
_u2015-4-23
_xTEOLOGIA
_zUNKNOWN
_0COMPRA
_o.STAFF. Colección General
_d60262
999 _a226.01 S79
_wDEWEY
_c2
_i50756
_f2021-11-9
_g5
_lCCODEBUL1
_mBUL
_r0
_sY
_tBOOK
_u2015-6-16
_xTEOLOGIA
_zUNKNOWN
_0COMPRA
_o.STAFF. Colección General
980 _81
_gALBERTO SANCHEZ Responsable de Automatización